000 00288nam a22001337a 4500
008 180926b xxu||||| |||| 00| 0 eng d
020 _a9781908230218
041 _aeng
080 _a573
100 _a11
101 _aBIO
245 _aMicrobial Efflux Pumps
_cYu,E.W
942 _2udc
_cBK
999 _c48481
_d48481